000 00450 a2200193 4500
003 Nust
005 20230721111156.0
040 _cNust
082 _a621.3132,TRE
100 _aTreene, W. H.
_9113761
245 _aAlternators /
_cW.H.Treene
250 _a1st ed
260 _aBritain
_bU.S.A
_c1945
300 _a85:p
505 _acontents not available
600 _aW.H.Treene
_9113762
650 _aAlternators
_9113782
942 _2ddc
_cBKB
999 _c180575
_d180575